000 01601nam0a22003611 4500
001 RU\NLR\INFOCOMM_41\5000239872
005 20250613085723.0
035 _a(NLR Aleph) 009040887
090 _a9542659
_c9542659
100 _a20080712d1984 |||y0rusy50 ca
101 0 _aeng
_drus
102 _aRU
105 _aa z 000zy
200 1 _aThe second order optical potential for πd system at the threshold
_fJ. Adam, jr., M. Kh. Khankhasayev, E. Truhlik
210 _aДубна
_cОбъед. ин-т ядер. исслед.
_d1984
215 _a10 с.
_cграф.
_d21 см
225 1 _aОбъединенный институт ядерных исследований, Дубна
_vЕ4-84-264
300 _aНа 3-й с. обл.: Оптический потенциал второго порядка для пион-дейтронного атома / Адам И. (мл.), Ханхасаев М. Х., Труглик Э.
300 _aРез. на рус. яз.
300 _a"Submitted to "Czechoslov. j. of physics"
320 _aБиблиогр.: с. 9-10
517 1 _aОптический потенциал второго порядка для пион-дейтронного атома
606 _aПионы (физ.)
_xРассеяние на дейтронах
_2nlr_sh1
686 _aВ382.32
_2rubbk
700 1 _aAdam
_bJ.
_cjun.
_4070
701 1 _aChanchasaev
_bM. Ch.
_gMichail Chadalaevič
_4070
701 1 _aTruhlik
_bE.
_4070
801 1 _aRU
_bNLR
_c20080712
801 0 _aRU
_bNLR
_gPSBO
852 _aNLR
_jФз01 Д-4/2506
942 _cBOOK
980 _aNB